| Tag |
First Indicator |
Second Indicator |
Subfields |
| LEADER |
00000cam a2200000 a 4500 |
| 001 |
in00000009284 |
| 005 |
20151007051521.0 |
| 008 |
861217s1987 nyua 00110 eng |
| 010 |
|
|
|a 86031616
|
| 020 |
|
|
|a 0387173145 (U.S.)
|
| 020 |
|
|
|a 0387173153 (U.S. : pbk.)
|
| 035 |
|
|
|a (OCoLC)15054281
|
| 035 |
|
|
|9 AAA3365AM
|
| 040 |
|
|
|a DLC
|c DLC
|d TXA
|d UtOrBLW
|
| 041 |
1 |
|
|a eng
|a ger
|
| 049 |
|
|
|a TXAM
|c [A12619341]
|
| 050 |
0 |
0 |
|a QB857
|b .S3413 1987
|
| 082 |
0 |
|
|a 523.1/12
|2 19
|
| 100 |
1 |
|
|a Scheffler, Helmut,
|d 1928-
|
| 240 |
1 |
0 |
|a Bau und Physik der Galaxis.
|l English
|
| 245 |
1 |
0 |
|a Physics of the galaxy and interstellar matter /
|c H. Scheffler, H. Elsässer ; translated by A.H. Armstrong.
|
| 264 |
|
1 |
|a New York ;
|a London :
|b Springer-Verlag,
|c [1987]
|
| 264 |
|
4 |
|c ©1987
|
| 300 |
|
|
|a xi, 492 pages :
|b illustrations ;
|c 25 cm.
|
| 336 |
|
|
|a text
|b txt
|2 rdacontent
|
| 337 |
|
|
|a unmediated
|b n
|2 rdamedia
|
| 338 |
|
|
|a volume
|b nc
|2 rdacarrier
|
| 490 |
1 |
|
|a Astronomy and astrophysics library
|
| 500 |
|
|
|a Translation of: Bau und Physik der Galaxis.
|
| 500 |
|
|
|a Includes index.
|
| 650 |
|
0 |
|a Galaxies.
|
| 650 |
|
0 |
|a Interstellar matter.
|
| 650 |
|
0 |
|a Astrometry.
|
| 700 |
1 |
|
|a Elsässer, Hans,
|d 1929-
|
| 830 |
|
0 |
|a Astronomy and astrophysics library.
|
| 999 |
|
|
|a MARS
|
| 999 |
f |
f |
|s 9cb927f2-0279-31d8-9a30-72dd1f76a6be
|i 2487b88d-74b9-3480-bd0d-ccd4f5af7980
|t 0
|
| 952 |
f |
f |
|p ric
|a Texas A&M University
|b Rellis Campus
|c Joint Library Facility
|d Remote Storage
|t 0
|e QB857 .S3413 1987
|h Library of Congress classification
|i unmediated -- volume
|m A14812619341
|
| 998 |
f |
f |
|a QB857 .S3413 1987
|t 0
|l Remote Storage
|